=LDR 00000nam 2200000 4500 =001 INLIS000000000060108 =005 20220104091934 =035 ##$$a 0010-0122000044 =007 ta =008 220104###########################0###### =082 ##$$a 324. 6 =084 ##$$a 324. 6 Nus p =245 1#$$a Peraturan Komisi Pemilihan Umum Republik Indonesia Nomor 22 Tahun 2018 Tentang Pengelolaan Peserta Pemilihan Umum Presiden dan WakilPresiden /$c Nusa Tenggara Barat, Komisi Pemilihan Umum =300 ##$$a 36 halaman ; $c 21 em =600 #4$$a Pemilihan - Peraturan =264 ##$$a Mataram :$b Komisi Pemilihan Umum Provinsi Nusa Tenggara Barat,$c 2019 =336 ##$$a Teks$2 rdacontent =337 ##$$a Buku$2 rdamedia =338 ##$$a Lain - lain$2 rdacarrier =990 ##$$a 00570057 =990 ##$$a 00570057 =990 ##$$a 246/50/2021 =990 ##$$a 3202200057 =990 ##$$a 246/50/2021 =990 ##$$a 246/50/2021